| 000 | 00798nam a2200265 i 4500 | ||
|---|---|---|---|
| 001 | 3233456 | ||
| 003 | OSt | ||
| 005 | 20150408113746.0 | ||
| 008 | 790731s1978 enka b 001 0 eng | ||
| 010 | _a 79310636 | ||
| 015 | _aGB*** | ||
| 020 |
_a0194370771 : _c£3.50 |
||
| 040 |
_aDLC _cDLC _dDLC |
||
| 050 | 0 | 0 |
_a851 _b.W49 |
| 082 | 0 | 0 | _a407 |
| 100 | 1 |
_aWiddowson, H. G. _99719 |
|
| 245 | 1 | 0 |
_aTeaching language as communication / _cH. G. Widdowson. |
| 260 |
_aOxford : _bOxford University Press, _c1978. |
||
| 300 |
_axi, 168 p. : _bill. ; _c22 cm. |
||
| 504 | _aIncludes bibliographical references and index. | ||
| 650 | 0 |
_aLanguage and languages _xStudy and teaching. _99720 |
|
| 650 | 0 | _aDiscourse analysis. | |
| 906 |
_a7 _bcbc _corignew _d4 _encip _f19 _gy-gencatlg |
||
| 942 |
_2ddc _cBOOK |
||
| 999 |
_c3451 _d237951 |
||